<?xml version="1.0" encoding="UTF-8"?>
<record
    xmlns:xsi="http://www.w3.org/2001/XMLSchema-instance"
    xsi:schemaLocation="http://www.loc.gov/MARC21/slim http://www.loc.gov/standards/marcxml/schema/MARC21slim.xsd"
    xmlns="http://www.loc.gov/MARC21/slim">

  <leader>00755nam a2200229 a 4500</leader>
  <controlfield tag="001">BRL_1312</controlfield>
  <controlfield tag="005">20190320211136.0</controlfield>
  <controlfield tag="008">060114t1983----mx-ao####d---#000-0#spa-#</controlfield>
  <datafield tag="041" ind1=" " ind2=" ">
    <subfield code="a">spa</subfield>
  </datafield>
  <datafield tag="044" ind1=" " ind2=" ">
    <subfield code="a">mx</subfield>
  </datafield>
  <datafield tag="050" ind1=" " ind2="4">
    <subfield code="a">F1219.76.C68</subfield>
    <subfield code="b">.M33 1983</subfield>
  </datafield>
  <datafield tag="100" ind1="1" ind2=" ">
    <subfield code="a">Macazaga Ordo&#xF1;o, C&#xE9;sar</subfield>
    <subfield code="9">26477</subfield>
  </datafield>
  <datafield tag="245" ind1="1" ind2="0">
    <subfield code="a">Diccionario de indumentaria n&#xE1;huatl</subfield>
    <subfield code="c">por Cesar Macazaga Ordo&#xF1;o ; introducci&#xF3;n e iconograf&#xED;a, del autor.</subfield>
  </datafield>
  <datafield tag="260" ind1=" " ind2=" ">
    <subfield code="a">M&#xE9;xico</subfield>
    <subfield code="b">Innovaci&#xF3;n</subfield>
    <subfield code="c">1983</subfield>
  </datafield>
  <datafield tag="300" ind1=" " ind2=" ">
    <subfield code="a">167 p.</subfield>
    <subfield code="b">il.</subfield>
    <subfield code="c">20 cm.</subfield>
  </datafield>
  <datafield tag="440" ind1=" " ind2="0">
    <subfield code="a">Colecci&#xF3;n diccionarios monogr&#xE1;ficos de la cultura n&#xE1;huatl</subfield>
    <subfield code="9">26478</subfield>
  </datafield>
  <datafield tag="500" ind1=" " ind2=" ">
    <subfield code="a">Au1590</subfield>
  </datafield>
  <datafield tag="650" ind1="1" ind2="4">
    <subfield code="a">Nahuas</subfield>
    <subfield code="v">Diccionarios</subfield>
    <subfield code="x">Indumentaria</subfield>
    <subfield code="9">26479</subfield>
  </datafield>
  <datafield tag="650" ind1="1" ind2="4">
    <subfield code="a">Aztecas</subfield>
    <subfield code="v">Diccionarios</subfield>
    <subfield code="x">Indumentaria</subfield>
    <subfield code="9">26480</subfield>
  </datafield>
  <datafield tag="902" ind1=" " ind2=" ">
    <subfield code="a">GRL</subfield>
  </datafield>
  <datafield tag="942" ind1=" " ind2=" ">
    <subfield code="2">lcc</subfield>
    <subfield code="c">B</subfield>
  </datafield>
  <datafield tag="999" ind1=" " ind2=" ">
    <subfield code="c">10124</subfield>
    <subfield code="d">10124</subfield>
  </datafield>
  <datafield tag="952" ind1=" " ind2=" ">
    <subfield code="0">0</subfield>
    <subfield code="1">0</subfield>
    <subfield code="4">0</subfield>
    <subfield code="7">0</subfield>
    <subfield code="a">BRL</subfield>
    <subfield code="b">BRL</subfield>
    <subfield code="d">2014-01-06</subfield>
    <subfield code="i">Au1590</subfield>
    <subfield code="l">0</subfield>
    <subfield code="o">F1219.76.C68 .M33 1983 (Au1590)</subfield>
    <subfield code="p">GRL01472</subfield>
    <subfield code="r">2019-03-22 00:00:00</subfield>
    <subfield code="w">2019-03-22</subfield>
    <subfield code="y">B</subfield>
  </datafield>
</record>
